More stories retold from the Mahawamsa & Chulawamsa (Record no. 3312)
[ view plain ]
| 000 -LEADER | |
|---|---|
| fixed length control field | 00461nam a2200157Ia 4500 |
| 005 - DATE AND TIME OF LATEST TRANSACTION | |
| control field | 20241212004258.0 |
| 008 - FIXED-LENGTH DATA ELEMENTS--GENERAL INFORMATION | |
| fixed length control field | 240331s9999 xx 000 0 und d |
| 020 ## - INTERNATIONAL STANDARD BOOK NUMBER | |
| ISBN | 9552101824 |
| 082 ## - DDC Classification | |
| Item Number - Author Mark | SEN |
| Class No. | 823 |
| 100 ## - MAIN ENTRY--PERSONAL NAME | |
| Personal name | Seneviratne, M |
| 245 #0 - TITLE STATEMENT | |
| Title | More stories retold from the Mahawamsa & Chulawamsa |
| 260 ## - PUBLICATION, DISTRIBUTION, ETC. | |
| Place of publication, distribution, etc. | Colombo |
| Name of publisher, distributor, etc. | M.D. Gunasena & Co., LTD |
| Date of publication, distribution, etc. | 1988 |
| 300 ## - PHYSICAL DESCRIPTION | |
| Extent (e.g. Volumes, Pages etc.) | Viii, 75 P ., |
| 500 ## - GENERAL NOTE | |
| General note | Short Stories is the Great Story of Sri Lanka's Past. |
| 942 ## - Koha item type (Biblio) | |
| Koha item type | Books in Stacks (Lending) |
| Lost status | Damaged status | Collection code | Home library | Current library | Shelving location | Date acquired | Full call number | Accession Number | Item type |
|---|---|---|---|---|---|---|---|---|---|
| Lending | WERC Library | WERC Library | Social Science Cupboard | 03/31/2024 | 823 SEN | 232 | Books in Stacks (Lending) |
